| Tag |
First Indicator |
Second Indicator |
Subfields |
| LEADER |
00000cem a2200000 4500 |
| 001 |
in00001392021 |
| 005 |
20151020055810.0 |
| 007 |
ay aafzn |
| 008 |
730411r19721873xx a 0 eng |
| 010 |
|
|
|a 73693235
|
| 020 |
|
|
|c $7.50
|
| 035 |
|
|
|a (OCoLC)05406345
|
| 035 |
|
|
|9 AHN5594AM
|
| 040 |
|
|
|a DLC
|c DLC
|d TXA
|d UtOrBLW
|
| 049 |
|
|
|a TXAM
|
| 050 |
0 |
0 |
|a G3804.I8A3 1873
|b .B5 1972
|
| 052 |
|
|
|a 3804
|b I8
|
| 245 |
0 |
0 |
|a Bird's eye view of Ithaca, N.Y. 1873.
|
| 255 |
|
|
|b Perspective map not drawn to scale.
|
| 264 |
|
1 |
|a [Place of publication not identified],
|c [1873]
|a Ithaca :
|b Historic Urban Plans,
|c 1972.
|
| 300 |
|
|
|a 1 map ;
|c 47 x 64 cm.
|
| 336 |
|
|
|a cartographic image
|b cri
|2 rdacontent
|
| 337 |
|
|
|a unmediated
|b n
|2 rdamedia
|
| 338 |
|
|
|a sheet
|b nb
|2 rdacarrier
|
| 500 |
|
|
|a Facsimile.
|
| 500 |
|
|
|a "Reproduced ... from a lithograph in the collection of the Tompkins County Trust Company, Ithaca."
|
| 500 |
|
|
|a Indexed for points of interest.
|
| 500 |
|
|
|a Cartographic material.
|
| 651 |
|
0 |
|a Ithaca (N.Y.)
|x Aerial views
|x Facsimiles.
|
| 710 |
2 |
|
|a Historic Urban Plans (Firm)
|
| 948 |
|
|
|a c:JLG
|
| 999 |
|
|
|a MARS
|
| 999 |
f |
f |
|s 3ebf1dab-0afb-39d7-b4c2-b5a9d7d5ec61
|i 59bf5258-61ee-34db-a8cb-a78ac79bc39a
|t 0
|
| 952 |
f |
f |
|p normal
|a Texas A&M University
|b College Station
|c Sterling C. Evans Library
|d Evans: Maps (2nd floor)
|t 0
|e G3804.I8 A3 1873 .B5 1972
|h Library of Congress classification
|i unmediated -- sheet
|m A14822465671
|
| 998 |
f |
f |
|a G3804.I8 A3 1873 .B5 1972
|t 0
|l Evans: Maps (2nd floor)
|